000 00184nam a2200073Ia 4500
008 170524s9999 xx 000 0 und d
100 _aSHRI NARAYAN
245 0 _aROCHAK ATEHASHIK KAHANIYA
260 _bPRAKASHAN- VIBHAG
999 _c9256
_d9256